Religion and the rise of capitalism : (Record no. 19584)

MARC details
000 -LEADER
fixed length control field 00857cam a2200277u 4500
001 - CONTROL NUMBER
control field 9756115
003 - CONTROL NUMBER IDENTIFIER
control field BDDh-ASL
005 - DATE AND TIME OF LATEST TRANSACTION
control field 20231015025805.0
008 - FIXED-LENGTH DATA ELEMENTS--GENERAL INFORMATION
fixed length control field 830325s1947 nyu 000 0 eng
010 ## - LIBRARY OF CONGRESS CONTROL NUMBER
LC control number 48000593
040 ## - CATALOGING SOURCE
Original cataloging agency DLC
Transcribing agency CarP
Modifying agency BDDh-ASL
043 ## - GEOGRAPHIC AREA CODE
Geographic area code e-uk---
050 00 - LIBRARY OF CONGRESS CALL NUMBER
Classification number BR115.E3
Item number T3 1947
082 ## - DEWEY DECIMAL CLASSIFICATION NUMBER
Classification number 200
Item number TAR
100 1# - MAIN ENTRY--PERSONAL NAME
Personal name Tawney, R. H.
Fuller form of name (Richard Henry),
Dates associated with a name 1880-1962.
245 10 - TITLE STATEMENT
Title Religion and the rise of capitalism :
Remainder of title a historical study /
260 ## - PUBLICATION, DISTRIBUTION, ETC.
Place of publication, distribution, etc. New York:
Name of publisher, distributor, etc. Penguin Books,
Date of publication, distribution, etc. 1947.
300 ## - PHYSICAL DESCRIPTION
Extent 280 p. :
Dimensions 18 cm.
650 #0 - SUBJECT ADDED ENTRY--TOPICAL TERM
Topical term or geographic name entry element Religious thought
General subdivision History.
650 #0 - SUBJECT ADDED ENTRY--TOPICAL TERM
Topical term or geographic name entry element Christianity
General subdivision Economic aspects
-- History.
650 #0 - SUBJECT ADDED ENTRY--TOPICAL TERM
Topical term or geographic name entry element Capitalism.
651 #0 - SUBJECT ADDED ENTRY--GEOGRAPHIC NAME
Geographic name Great Britain
General subdivision Social conditions.
811 2# - SERIES ADDED ENTRY--MEETING NAME
Meeting name or jurisdiction name as entry element Holland memorial lectures,
Date of meeting or treaty signing 1922.
906 ## - LOCAL DATA ELEMENT F, LDF (RLIN)
a 0
b cbc
c premunv
d u
e ncip
f 19
g y-gencatlg
942 ## - ADDED ENTRY ELEMENTS (KOHA)
Source of classification or shelving scheme Dewey Decimal Classification
Koha item type Books
Holdings
Withdrawn status Lost status Source of classification or shelving scheme Damaged status Not for loan Collection code Home library Current library Shelving location Date acquired Source of acquisition Total Checkouts Full call number Barcode Date last seen Copy number Price effective from Koha item type Public note
    Dewey Decimal Classification   Not For Loan Non-fiction Asiatic Society Library Asiatic Society Library Ludden Collection 12/13/2020 Donated by Prof. David Ludden   200 TAR 102937 12/13/2020 C-1 12/13/2020 Books RARE

Powered by Koha